00921cam a22003494i 4500003000900000005001700009008004100026035001800067040003300085082001900118100002500137245002400162264005000186300004400236336002100280337002500301338002300326505008100349526001000430526001000440526001000450526001000460526000800470526000800478526000800486526000800494526000800502526000800510526000800518650002300526700002200549PE-LiUPU20250731173519.0150616s r 000 0 d a(Sirsi) a8179 aPE-LiUPUbspacPE-LiUPUerda04a253.7bK762211 aKorth, Russ,eautor.10aLively discussions. 1aSan Bernardino, CA :bChurches Alive!,c1988. a94 páginas :bilustraciones ;c21 cm. atext2rdacontent aunmediated2rdamedia avolume2rdacarrier0 aBe a leader.- Motivate your groupáginas- Maintain control.- Develop trust. aSEG42 aSEG41 aSEG40 aSEG39 aP94 aP87 aP86 aP85 aP77 aP76 aP3504aPEQUEÑOS GRUPOS.1 aWormser Jr., Ron.